| 000 | 00740nam a2200217 a 4500 | ||
|---|---|---|---|
| 001 | BRCA_8999 | ||
| 005 | 20190320210504.0 | ||
| 008 | 170717s1762----sp-#######---#000-0#lat-# | ||
| 041 | _alat | ||
| 044 | _asp | ||
| 084 |
_aLM52 _b.P53 1762 |
||
| 245 | 1 | 0 | _aPharmacopoeia Matritensis regii, ac supremi Hispaniarum protomedicatus auctoritate, jussu atque auspiciis elaborata. |
| 250 | _a2a ed. | ||
| 260 |
_aMatriti _bTypis antonii perez de soto _c1762 |
||
| 300 |
_a556 p. _c25 x 19 cm |
||
| 500 | _aEn portada: Locupletior, et longè emendatior | ||
| 500 | _aEstado físico: presenta encuadernación en piel y oxidación en las hojas | ||
| 650 | 1 | 4 |
_aFarmacia _yObras anteriores a 1800 _zEspaña _922334 |
| 902 | _aCFM | ||
| 942 |
_2lcc _cB |
||
| 999 |
_c8650 _d8650 |
||